000 01606nam a22004217a 4500
003 CHAP
005 20220329143456.0
008 091209s2009 mx r 00010 spa d
010 _a97223
011 _a98195
035 _a108879
040 _cCHAP
090 _aTesis
100 1 _aJiménez Sáchez, José Juan.
_961648
245 1 0 _aSistema electrónico de medición de humedad del suelo, basado en sensores de impedancia
_c/por José Juan Jiménez Sánchez
260 _aChapingo, Méx. :
_bEl autor,
_c2009
300 _aix, 141 h. :
_bcuadros, gráfs. , ilus.
502 _aTesis (Ing. en Irrigación) -- UACH. Departamento de Irrigación
530 _aTambién disponible en línea
590 _aALEPH
_b10
_c20130110
_lUCH01
_h1531
590 _aBATCH-UPD
_b10
_c20130110
_lUCH01
_h1146
590 _aBATCH-UPD
_b10
_c20130410
_lUCH01
_h0731
590 _aBATCH-UPD
_b10
_c20130914
_lUCH01
_h1256
590 _aBATCH-UPD
_b10
_c20140324
_lUCH01
_h1513
590 _aBATCH-UPD
_b10
_c20141002
_lUCH01
_h0841
590 _aCONVERSION
_b10
_c20130109
_lUCH01
_h1354
650 1 4 _aElectrónica
_xAparatos y accesorios.
_936242
650 1 4 _aImpedancia eléctrica.
_957470
650 1 4 _aMedición, teoría de la.
_973924
650 1 4 _aSensores remotos.
_9104427
650 1 4 _aSuelos
_xHumedad.
_9110391
856 _3Finding aid
_uhttp://10.13.5.2/tesis/108879.pdf
_zTeclea aqui
901 _aBK
911 _aen proceso
942 _cFOLL
949 _aTesis
_bBC
_cTES
_d33724002139941
_eTS1
_gDonaciØn
_h49806
_i108879
_sb
949 _aTesis
_bBC
_cTES
_d33724002139983
_eTS2
_fc.2
_gDonaciØn
_h49807
_i108879
_sb
999 _c97223
_d97223